| 000 | 00705nam a22002537a 4500 | ||
|---|---|---|---|
| 003 | OSt | ||
| 008 | 260324b |||||||| |||| 00| 0 eng d | ||
| 020 | _a9788119105007 | ||
| 082 |
_a597.1764 _bP29L |
||
| 245 |
_aLuni River : habitat and ichthyofaunal diversity / _cby Ajey Kumar Pathak...[et al.] |
||
| 260 |
_a.- Delhi _b: International Books _c, 2024 |
||
| 300 | _axvi,85p. | ||
| 650 | _aPure Sciences | ||
| 650 | _aAnimals | ||
| 650 | _aFishes | ||
| 650 | _aLuni River | ||
| 650 | _aIchthyofaunal Diversity | ||
| 700 | _aPathak, Ajey Kumar. | ||
| 700 | _aKantharajan, Ganesan. | ||
| 700 | _aKumar, Ravi. | ||
| 700 | _aDayal, Rajesh. | ||
| 700 | _aSaini, Ved Prakash. | ||
| 942 |
_2ddc _cBK |
||
| 999 |
_c49979 _d49979 |
||